| 000 | 01593nam a2200373 i 4500 | ||
|---|---|---|---|
| 001 | 000007186 | ||
| 003 | DO-SdBNP | ||
| 005 | 20250307073708.0 | ||
| 006 | a||||gr|||| 00| 0 | ||
| 007 | ta | ||
| 008 | 090907t1986 dr 000 0 spa d | ||
| 040 |
_aDO-SdBNP _bspa _cBNPHU _erda |
||
| 082 | 4 |
_a400 _bM433c _222 |
|
| 100 | 1 |
_aMatos Moquete, Manuel, _d1944- _eautor _96349 |
|
| 245 | 1 | 3 |
_aLa cultura de la lengua / _cManuel Matos Moquete. |
| 264 |
_aSanto Domingo : _bBiblioteca Nacional, _c1986. |
||
| 300 |
_a139 páginas ; _c21 cm. |
||
| 336 |
_2rdacontent _atexto _btxt |
||
| 337 |
_2rdamendia _asin mediación _bn |
||
| 338 |
_2rdacarrier _avolumen _bnc |
||
| 490 | _aOrfeo | ||
| 500 | _aIncluye referencias bibliográficas y notas al pie de las páginas. | ||
| 505 |
_aPrefacio. _tI. Lengua e historia.-- _tII. El concepto de "Literatura dominicana" en la búsqueda de la identidad dominicana.-- _tIII. Lengua, Conocimiento y Comunicación.-- _tIV. Lengua y literatura.-- _tV. Investigación Linguístico-Literaria en Pedro Henríquez Ureña: La versificación.-- |
||
| 590 | _aInventariado,2018/ DG | ||
| 600 | 1 | 0 |
_aMir, Pedro, _d1913-2000 _97245 |
| 600 | 1 | 0 |
_aHenríquez Ureña, Pedro, _d1884-1946 _91718 |
| 600 | 1 | 4 |
_aPané, Ramón, _dd. 1571 _xCrítica e interpretación _919951 |
| 650 | 4 |
_aLenguaje y cultura _910051 |
|
| 650 | 4 |
_aLenguaje y lenguas _xHistoria y crítica _910052 |
|
| 650 | 4 |
_aEspañol _xEnseñanza _zRepública Dominicana _910054 |
|
| 650 | 4 |
_aLiteratura dominicana _xHistoria y crítica _9159 |
|
| 910 | _aValidado. Control de calidad MMOLINA | ||
| 942 |
_2ddc _cLBS1 |
||
| 999 |
_c6967 _d6967 |
||